| 000 | 00509nam a2200169 i 4500 | ||
|---|---|---|---|
| 001 | 86969 | ||
| 003 | ES-MaACL | ||
| 005 | 20230906175549.0 | ||
| 007 | t| | ||
| 008 | 041217s1968 sp ||||1| spa d | ||
| 100 | 1 |
_aKonopka, Gisela. _968561 |
|
| 245 | 1 | 0 |
_aTrabajo de grupos sociales / _cGisela Konopka ; [traducción por Javier Armada Abella]. |
| 260 |
_a[Madrid : _bEuroamérica, _c1968] |
||
| 300 |
_a304 p. ; _c21 cm. |
||
| 700 | 1 |
_aArmada Abella, Javier. _922903 |
|
| 852 |
_aES-MaACL _jC-35021 _bR.68025 |
||
| 999 |
_c86969 _d86969 |
||